| 000 | 01822cam a2200349 i 4500 | ||
|---|---|---|---|
| 001 | 22836707 | ||
| 005 | 20241011171924.0 | ||
| 008 | 221020s2024 mnua j b 001 0 eng | ||
| 010 | _a 2022049650 | ||
| 020 |
_a9798885244879 _q(hardcover) |
||
| 020 |
_a9798885244886 _q(paperback) |
||
| 020 |
_z9798885244893 _q(ebook) |
||
| 040 |
_aDLC _beng _erda _cDLC _dDLC |
||
| 042 | _apcc | ||
| 050 | 0 | 0 |
_aQE534.3 _b.P48 2024 |
| 082 | 0 | 0 |
_a551.22 _223/eng20230123 |
| 092 |
_achildren nonfiction _bPeterson |
||
| 100 | 1 |
_aPeterson, Megan Cooley, _eauthor. _95876098 |
|
| 245 | 1 | 0 |
_aWhat causes an earthquake? / _cby Megan Cooley Peterson. |
| 264 | 1 |
_aMinneapolis, MN : _bBullfrog Books/Jump!, Inc., _c[2024] |
|
| 300 |
_a24 pages : _bcolor illustrations ; _c20 cm. |
||
| 336 | _atext | ||
| 337 | _aunmediated | ||
| 338 | _avolume | ||
| 490 | 0 | _aScience questions | |
| 504 | _aIncludes bibliographical references and index. | ||
| 520 | _a"In this book, vibrant, full-color photos, diagrams, and carefully leveled text will engage beginning readers as they learn how earthquakes happen. A picture diagram details and labels the steps, while a picture glossary reinforces new vocabulary. Children can learn more about earthquakes online using our safe search engine that provides relevant, age-appropriate websites. What Causes an Earthquake? also features reading tips for teachers and parents, a table of contents, and an index. What Causes an Earthquake? is part of Jump!'s Science Questions series"-- | ||
| 521 |
_aAges 5-8 _bJump!, Inc. |
||
| 650 | 0 |
_aEarthquakes _vJuvenile literature. _95693185 |
|
| 776 | 0 | 8 |
_iOnline version: _aPeterson, Megan Cooley. _tWhat causes an earthquake? _dMinneapolis : Jump!, Inc., 2023 _z9798885244893 _w(DLC) 2022049651 |
| 942 |
_2ddc _cBOOK |
||
| 999 |
_c401172 _d401172 |
||